000
00341nam a2200145Ia 4500
008
130318s9999 xx 000 0 und d
020
_a
8126503734
082
_a
005.133JM GRA/P
100
_a
Grand, Mark
245
_a
Patterns in Java Vol 2
260
_b
Wiley
_a
New Delhi
_c
2003
300
_a
354
_e
1 CD
650
_a
JAVA
650
_a
PATTERNS
999
_c
759
_d
759